00443 2200181 4500245005100000020001800051250001100069100001500080700001800095650001700113005001900130260003100149041001400180084001300194300003400207336000900241338001100250 aYamada Family Fight for LovecAzuki, RyohText a9789792309393 aCet. 1 aAzuki, Ryo aLidwina Leung aKomik Jepang a20230206105553 aJakartabPT Gramediac2006 aIndonesia a741.5592 a... jil. :bilus. ;c17,5 cm. atext avolume